Score 0/25 Timer 08:00
7 Plays Today
% Correct
South Park
94.4%
Everybody Loves Raymond
87.5%
Grey's Anatomy
86.1%
Malcolm in the Middle
83.8%
The Sopranos
79.5%
Will & Grace
79.5%
Monk
77.1%
Arrow
75.8%
The Queen’s Gambit
75.4%
Barry
75.3%
Brooklyn Nine-Nine
75.1%
Hawaii Five-0
74.9%
Empire
71.5%
% Correct
Sons of Anarchy
70.3%
Reba
69.8%
The Middle
67.1%
Mad Men
64.4%
Arrested Development
62.7%
Russian Doll
61.6%
Veronica Mars
52.6%
The New Adventures of Old Christine
48.2%
American Crime Story
44.2%
One Day at a Time
36%
American Horror Story
33.7%
The Mysteries of Laura
17.4%
Remove Ads.
Support Sporcle.
Get the best of Sporcle when you Go Orange. This ad-free experience offers more features, more stats, and more fun while also helping to support Sporcle. Thank you for becoming a member.

You're not logged in!

Compare scores with friends on all Sporcle quizzes.
OR
Log In

Show Comments

Extras

Top Quizzes Today


Score Distribution

Your Account Isn't Verified!

In order to create a playlist on Sporcle, you need to verify the email address you used during registration. Go to your Sporcle Settings to finish the process.

Report this User

Report this user for behavior that violates our Community Guidelines.

Details: